|
|
|
|
| LEADER |
00000nab a2200000 a 4500 |
| 001 |
vtls000905166 |
| 003 |
SK-MaSNL |
| 005 |
20260302172053.0 |
| 008 |
040720e20001220xo 0 slo |
| 035 |
|
|
|a KE14115
|
| 040 |
|
|
|a KEVKJB
|b slo
|c KEVKJB
|e AACR2
|
| 041 |
0 |
|
|a slo
|
| 044 |
|
|
|a xo
|c SK
|
| 080 |
|
|
|a 502.7
|2 1981
|
| 080 |
|
|
|a 061.2
|2 1981
|
| 100 |
1 |
|
|a Macko, Boris
|4 aut
|9 857682
|
| 245 |
1 |
0 |
|a Jedným prekáža, iným poslúži
|b Spoločnosť priateľov Zeme na prospech odkázaným i ekológii
|
| 610 |
2 |
7 |
|a Spoločnosť priateľov Zeme (Košice, Slovensko)
|2 KEVKJB
|9 29847
|
| 650 |
0 |
7 |
|a aktivity
|2 KEVKJB
|9 372560
|
| 650 |
0 |
7 |
|a informácie
|2 KEVKJB
|9 1285
|
| 651 |
|
7 |
|a Košice (Slovensko)
|2 KEVKJB
|9 18694
|
| 651 |
|
7 |
|a KE,
|2 KEVKJB
|9 877256
|
| 655 |
|
7 |
|a periodikum
|2 snkbucl
|9 29553
|
| 710 |
2 |
|
|a Spoločnosť priateľov Zeme (Košice, Slovensko)
|4 aut
|9 29847
|
| 773 |
0 |
8 |
|t Košický večer
|g Roč. 11
|g Roč. 32, č.243, 20.12.2000, s. 3
|
| 852 |
|
|
|a ZVYKNI
|b KIS3GCP
|
| 999 |
|
|
|c 1397921
|d 1399851
|